| 000 | 00453nam a2200157Ia 4500 | ||
|---|---|---|---|
| 008 | 151213s9999 xx 000 0 und d | ||
| 100 | _aJerry FitzGerald. & Alan Dennis | ||
| 245 |
_aBusiness Data Communications & Networking . _cJerry FitzGerald. & Alan Dennis |
||
| 250 | _a6th | ||
| 260 |
_aNew York _bJohn Weley _c1998 |
||
| 300 | _a1661 p. | ||
| 650 | _aComputer | ||
| 650 | _aComputer | ||
| 700 | _aJerry FitzGerald. & Alan Dennis | ||
| 999 |
_c1246 _d1246 |
||